[Event "Blankenese op 1st"]
[Site "Hamburg"]
[Date "2017.10.03"]
[Round "1.15"]
[White "Kahlert, Thomas"]
[Black "Zegners, Dainis"]
[Result "1-0"]
[WhiteElo "2150"]
[BlackElo "1735"]
[PlyCount "65"]
[EventDate "2017.09.30"]
[EventType "swiss"]
[EventRounds "7"]
[EventCountry "GER"]
[SourceTitle "EXT 2020"]
[Source "ChessBase"]
[SourceDate "2019.10.17"]
[SourceVersion "1"]
[SourceVersionDate "2019.10.17"]
[SourceQuality "1"]

1. c4 e6 2. Nc3 d5 3. d4 c5 4. cxd5 exd5 5. Nf3 Nc6 6. g3 Nf6 7. Bg2 Be7 8. 0-0 0-0 9. b3 Bg4 10. dxc5 Bxc5 11. Bb2 Re8 12. Rc1 Bf8 13. h3 Be6 14. Kh2 Rc8 15. e3 Qd7 16. Ne2 Ne4 17. Ned4 g6 18. Nxc6 bxc6 19. Ne5 Qb7 20. Ng4 f5 21. Nf6+ Nxf6 22. Bxf6 Bg7 23. Bxg7 Qxg7 24. Rc5 Qb2 25. Ra5 Qc3 26. Qe1 Qg7 27. Qd2 Red8 28. Qd4 Qxd4 29. exd4 Rc7 30. Rc1 Bd7 31. Bxd5+ Kg7 32. Bf3 Rdc8 33. Rac5 1-0

[Event "Troisdorf op"]
[Site "Troisdorf"]
[Date "2004.11.30"]
[Round "5"]
[White "Ziabari, Morteza"]
[Black "Zegners, Dainis"]
[Result "0-1"]
[WhiteElo "1869"]
[BlackElo "1608"]
[PlyCount "124"]
[EventDate "2004.11.02"]
[EventType "swiss"]
[EventRounds "7"]
[EventCountry "GER"]
[SourceTitle "EXT 2006"]
[Source "ChessBase"]
[SourceDate "2005.11.24"]
[SourceVersion "1"]
[SourceVersionDate "2005.11.24"]
[SourceQuality "1"]

1. e4 e5 2. Nf3 Nf6 3. Bc4 Nxe4 4. d3 Nf6 5. Nxe5 d5 6. Bb3 Bd6 7. d4 0-0 8. Bg5 Re8 9. f4 c5 10. c3 Nc6 11. 0-0 Be6 12. f5 Bc8 13. Ng4 Be7 14. Nxf6+ Bxf6 15. Bxf6 Qxf6 16. Bxd5 cxd4 17. Bxc6 Qxc6 18. cxd4 Qb5 19. Qb3 Qxb3 20. axb3 Re2 21. Ra2 Bd7 22. Nc3 Rd2 23. d5 a6 24. f6 Rc8 25. Rf3 g6 26. Re3 Re8 27. Rxe8+ Bxe8 28. b4 h5 29. b3 Rd3 30. Rc2 Bd7 31. Kf2 Bf5 32. Rc1 Kf8 33. Ke2 Ke8 34. h3 Rg3 35. Kf2 Rd3 36. Re1+ Kd8 37. Re3 Rxe3 38. Kxe3 Bc2 39. Kd4 Bxb3 40. Kc5 Kc7 41. Ne4 b6+ 42. Kd4 a5 43. bxa5 bxa5 44. Ng5 a4 45. Nxf7 a3 46. d6+ Kd7 47. Ne5+ Kxd6 48. f7 Bxf7 49. Nxf7+ Ke7 50. Kc3 Kxf7 51. g3 Ke6 52. Kb3 a2 53. Kxa2 Ke5 54. Kb1 Ke4 55. Kc1 Kf3 56. g4 hxg4 57. hxg4 Kxg4 58. Kd2 Kf3 59. Ke1 Kg2 60. Ke2 g5 61. Ke3 g4 62. Ke2 g3 0-1